Tan̲ippāṭal nakaiccuvai. (Record no. 75744)

MARC details
000 -LEADER
fixed length control field 00563cam a22002291 4500
001 - CONTROL NUMBER
control field sa 67006174
003 - CONTROL NUMBER IDENTIFIER
control field DLC
005 - DATE AND TIME OF LATEST TRANSACTION
control field 20260227112404.0
008 - FIXED-LENGTH DATA ELEMENTS--GENERAL INFORMATION
fixed length control field 950223s1963 ii 000 0 tamo
010 ## - LIBRARY OF CONGRESS CONTROL NUMBER
LC control number sa 67006174
025 ## - OVERSEAS ACQUISITION NUMBER
Overseas acquisition number PL480:I-T-1649
035 ## - SYSTEM CONTROL NUMBER
System control number (OCoLC)32040456
040 ## - CATALOGING SOURCE
Original cataloging agency DLC
Transcribing agency CU
Modifying agency CU
-- DLC
042 ## - AUTHENTICATION CODE
Authentication code premarc
050 00 - LIBRARY OF CONGRESS CALL NUMBER
Classification number PL4758.6.T33
Item number K3 1963
100 1# - MAIN ENTRY--PERSONAL NAME
Personal name Kapilan, V.
245 10 - TITLE STATEMENT
Title Tan̲ippāṭal nakaiccuvai.
260 ## - PUBLICATION, DISTRIBUTION, ETC.
Date of publication, distribution, etc. [1963]
300 ## - PHYSICAL DESCRIPTION
Extent 152 p.
Dimensions 18 cm.
500 ## - GENERAL NOTE
General note In Tamil.
630 00 - SUBJECT ADDED ENTRY--UNIFORM TITLE
Uniform title Tan̲ippāṭal tiraṭṭu.

No items available.

Powered by Koha